000 00888nam a2200229Ii 4500
003 JO-AjNU
008 230605s9999||||xx |||||||||||||| ||und||
017 _a2008/4/1305
040 _aJO-AjNU
_bara
_erda
_cJO-AjNU
041 _aara
050 1 4 _aJQ1833.2008
100 3 _aإعداد عبد ربة، وائل محمد,
_eauthor
_950008
245 0 0 _aمراحل الدولة الاردنية منذ عام 1999 : مرحلة عدنان بدران نيسان 2005 - تشرين الثاني 2005
250 _aالطبعة الأولى، 2008
264 3 1 _aعمان: وائل عبدربة، 2008
300 _a410ص
336 _atext
_btxt
_2rdacontent
337 _aunmediated
_bn
_2rdamedia
338 _avolume
_bnc
_2rdacarrier
490 0 _aسلسلة مراحل الدولة الأردنية (4)
650 4 _aالاردن -- تاريخ -- الاردن -- وزارات
_950009
999 _aA22001
_c25569
_d25569